000
00225nam a2200097Ia 4500
008
240331s9999 xx 000 0 und d
082
_b
STI
100
_a
Stiglitz, J.E
245
0
_a
Globalization and its discontents-
942
_c
L
999
_c
2589
_d
2589